| 000 | 00364nam a2200133Ia 4500 | ||
|---|---|---|---|
| 008 | 240624s9999 xx 000 0 und d | ||
| 041 | _aeng | ||
| 082 | _a378.54 DEV | ||
| 100 | _aTILAK JANDHYALA B G | ||
| 245 | _aHIGHER EDUCATION IN INDIA IN SEARCH OF E | ||
| 260 |
_c2014 _aNew Delhi _bOrient BlackSwan |
||
| 300 | _axiv, : 538 : p. : cm. ; 24 | ||
| 365 |
_cRS _b31 |
||
| 999 |
_c27604 _d27604 |
||